000 00603nam a2200193 a 4500
005 20140412111319.0
008 000824s19uu xx 00 eng d
020 _a0-399-22774-1
050 _aTR(PS E
_bVe62 1995
100 _aCarle, Eric
245 _aVery lonely firefly (The) /
_cEric Carle.
260 _aNew York :
_bPhilomel Books,
_c1995.
300 _a1 v. (unp.) ; ill.
520 _aA lonely firefly goes out into the night lokking for others fireflies.
650 _aToy and movable books-Specimen
650 _aFireflies-Fiction
650 _aToy and movable books
999 _c104318
_d104318